00365nam a2200145Ia 4500008004100000020001800041041000800059082001800067100002300085245003300108250000600141260003800147300001100185650002300196210716s2011 xx 000 0 und d a9788131514849 aeng a005.3068 MOHS aMohapatra, Sanjay. aSoftware project management. a1 aNew DelhibCengage Learningc2011 axv,349 aProject Management